| 000 | 01211cam a2200325 i 4500 | ||
|---|---|---|---|
| 001 | 26786 | ||
| 003 | Mx-PuUPA | ||
| 005 | 20250428152852.0 | ||
| 008 | 140415s2006 mx ad g 001 0 spa d | ||
| 020 | _a9680202380 | ||
| 040 |
_cMx-PuUPA _aMx-PuUPA _bspa _dMx-PuUPA _erda |
||
| 041 | 0 | _aspa | |
| 043 | _an-mx--- | ||
| 100 | 1 |
_aBrambila Paz, José de Jesús, _916953 _eautor |
|
| 245 | 1 | 0 |
_aEn el umbral de una agricultura nueva / _b _cJosé de Jesús Brambila Paz |
| 250 |
_aPrimera edición / _ben español |
||
| 264 | 1 |
_aChapingo, Estado de México : _bUniversidad Autónoma de Chapingo, _c2006 |
|
| 300 |
_a315 páginas : _bilustraciones, gráficas, tablas ; _c23 cm |
||
| 336 |
_2rdacontent _atexto _btxt |
||
| 337 |
_2rdamedia _asin medio _bn |
||
| 338 |
_2rdacarrier _avolumen _bnc |
||
| 500 | _aReimpresiones: (Primera reimpresión en español, 2008) | ||
| 650 | 7 |
_2armarc _aAgricultura _xAspectos económicos _zMéxico |
|
| 650 | 7 |
_2armarc _aIndustria y comercio de alimentos _zMéxico |
|
| 650 | 7 |
_2armarc _aInnovaciones tecnológicas _zMéxico |
|
| 942 |
_2ddc _cLI _h638.1 _iB74 |
||
| 999 |
_c26786 _d26786 |
||